| 000 | 00765nam a22002537a 4500 | ||
|---|---|---|---|
| 003 | CHAP | ||
| 005 | 20220329140013.0 | ||
| 008 | 971013s r 00010 d | ||
| 010 | _a45382 | ||
| 011 | _a46354 | ||
| 035 | _a50495 | ||
| 040 | _cCHAP | ||
| 090 | _aR-711 | ||
| 100 | 0 | 0 |
_aRegenmortel, M. H. V. _995636 |
| 245 | _aSeparation of theree plant viruses by zone electrophoresis | ||
| 500 | _aSobretiro de : S. Afr. J. Agric. Sci. 7 : 817-822, 1964 | ||
| 590 |
_aBATCH-UPD _b10 _c20130110 _lUCH01 _h0215 |
||
| 590 |
_aBATCH-UPD _b10 _c20130110 _lUCH01 _h1749 |
||
| 590 |
_aCONVERSION _b10 _c20130109 _lUCH01 _h1325 |
||
| 650 | 1 | 4 |
_aPlantas _xEnfermedades por virus. _988834 |
| 901 | _aBK | ||
| 942 | _cREIMP | ||
| 949 |
_aR-711 _bBC _cR _d-113437 _eTS1 _i50495 _si |
||
| 999 |
_c45382 _d45382 |
||